Our solar system : (Record no. 7914)

MARC details
000 -LEADER
fixed length control field 00926nam a22003017a 4500
001 - CONTROL NUMBER
control field 7914
003 - CONTROL NUMBER IDENTIFIER
control field FISKH
005 - DATE AND TIME OF LATEST TRANSACTION
control field 20250813154802.0
008 - FIXED-LENGTH DATA ELEMENTS--GENERAL INFORMATION
fixed length control field 250813b cb ||||| |||| 00| 0 eng d
020 ## - INTERNATIONAL STANDARD BOOK NUMBER
International Standard Book Number 9780756510954
040 ## - CATALOGING SOURCE
Original cataloging agency FISKH
Language of cataloging eng
Transcribing agency FISKH
Modifying agency FISKH
050 ## - LIBRARY OF CONGRESS CALL NUMBER
Classification number QB843.B55 R38
082 ## - DEWEY DECIMAL CLASSIFICATION NUMBER
Classification number 523.8
100 ## - MAIN ENTRY--PERSONAL NAME
Personal name Rau, Meachen Dana
Dates associated with a name (1971-)
245 ## - TITLE STATEMENT
Title Our solar system :
Remainder of title Black holes /
Statement of responsibility, etc. By Dana Meachen Rau
250 ## - EDITION STATEMENT
Edition statement This edition first published in 2007
260 ## - PUBLICATION, DISTRIBUTION, ETC.
Place of publication, distribution, etc. North Mankato :
Name of publisher, distributor, etc. Compass,
Date of publication, distribution, etc. 2007
300 ## - PHYSICAL DESCRIPTION
Extent 32 pages :
Other physical details color illustrations ;
Dimensions 26 cm
505 ## - FORMATTED CONTENTS NOTE
Formatted contents note Z<br/>
520 ## - SUMMARY, ETC.
Summary, etc. Describes the characteristics, formation, and study of black holes in our solar system.<br/>
521 8# - TARGET AUDIENCE NOTE
Target audience note 930<br/>
Source Lexile<br/>
521 8# - TARGET AUDIENCE NOTE
Target audience note Z<br/>
Source Raz-Plus<br/><br/>
650 ## - SUBJECT ADDED ENTRY--TOPICAL TERM
Source of heading or term Solar system
Topical term or geographic name entry element Science
650 ## - SUBJECT ADDED ENTRY--TOPICAL TERM
Source of heading or term Homeschool
Topical term or geographic name entry element Black
700 ## - ADDED ENTRY--PERSONAL NAME
Personal name Zhurkina, Svetlana
Dates associated with a name illustrator
942 ## - ADDED ENTRY ELEMENTS (KOHA)
Source of classification or shelving scheme Dewey Decimal Classification
Koha item type Books
Suppress in OPAC No
Holdings
Withdrawn status Lost status Source of classification or shelving scheme Damaged status Not for loan Collection Home library Current library Shelving location Date acquired Total Checkouts Full call number Barcode Date last seen Copy number Price effective from Koha item type
    Dewey Decimal Classification     Non-Fiction Footprints International School Library Network Toul Tom Poung Campus Footprints International School Library Network Toul Tom Poung Campus TTP Secondary Non-Fiction Bookshelves 08/13/2025   RAU 523.8 QB843.B55 R38 FISTK02066 08/13/2025 1 08/13/2025 Books